Tổng tập văn học dân gian người Việt

Spremljeno u:
Bibliografski detalji
Glavni autor: Trung tâm KHXH và NVQG
Format: Knjiga
Jezik:Undetermined
Izdano: H. KHXH 2003
Teme:
Oznake: Dodaj oznaku
Bez oznaka, Budi prvi tko označuje ovaj zapis!
Thư viện lưu trữ: Trung tâm Học liệu Trường Đại học Cần Thơ
LEADER 00526nam a2200181Ia 4500
001 CTU_59708
008 210402s9999 xx 000 0 und d
082 |a 398.209597 
082 |b Tr513/T17 
100 |a Trung tâm KHXH và NVQG 
245 0 |a Tổng tập văn học dân gian người Việt 
245 0 |c Trung tâm KHXH và NVQG 
260 |a H. 
260 |b KHXH 
260 |c 2003 
650 |a folk literature, vietnamese 
904 |i Minh 
980 |a Trung tâm Học liệu Trường Đại học Cần Thơ